000 00781nam a22002177a 4500
003 OSt
005 20260316074703.0
008 260316b |||||||| |||| 00| 0 eng d
020 _a978-971-9623-11-3
040 _aDWCL GS lib
_cOC
082 _aS165w 2014
100 _aSALINDONG, BIANCA
245 _aThe writer
_cBIANCA SALINDONG
260 _aQuezon City
_bVIVA PSICOM Publishing Corp
_c2014
300 _a112 p
_c18 cm
520 _aa fast-paced thriller following NYPD Detective Declan Shaw, who investigates renowned true-crime author Denise Morrow after her husband is found dead.
650 _aa blend of rigorous self-discipline
650 _aaligning actions with personal values rather than external approval.
700 _aBIANCA SALINDONG
942 _2ddc
_cFIC.
_n0
999 _c9156
_d9156